书目信息 |
| 题名: |
内陆水域污染生态学
|
|
| 作者: | 黄玉瑶 编著 | |
| 分册: | ||
| 出版信息: | 北京 科学出版社 2001 |
|
| 页数: | 291页 | |
| 开本: | 26cm | |
| 丛书名: | ||
| 单 册: | ||
| 中图分类: | X171.5 | |
| 科图分类: | ||
| 主题词: | 环境生物学 , 水域,内陆--污染生态学 | |
| 电子资源: | ||
| ISBN: | 7-03-009507-3 | |
| 000 | 00687nam0 2200217 45 | |
| 001 | 0302200805 | |
| 005 | 20031219104104.3 | |
| 010 | @a7-03-009507-3@b精装@dCNY52.00 | |
| 100 | @a20030220d2001 km y0chiy0120 ea | |
| 101 | 0 | @achi |
| 105 | @aa z 000yy | |
| 200 | 1 | @a内陆水域污染生态学@ANei Lu Shui Yu Wu Ran Sheng Tai Xue@e原理与应用@EYuan Li Yu Ying Yong@f黄玉瑶编著@FHuang Yu Yao Bian Zhu |
| 210 | @a北京@c科学出版社@d2001 | |
| 215 | @a291页@c插图@d26cm | |
| 517 | @a原理与应用@AYuan Li Yu Ying Yong | |
| 606 | 0 | @a环境生物学 |
| 606 | 0 | @a水域,内陆@x污染生态学 |
| 690 | @aX171.5@v4 | |
| 701 | 0 | @a黄玉瑶@4编著 |
| 801 | @aCN@bTSTC@c20030220 | |
| 905 | @b319896-897@dX171.5@e38@f2 | |
| 内陆水域污染生态学:原理与应用/黄玉瑶编著.-北京:科学出版社,2001 |
| 291页:插图;26cm |
| ISBN 7-03-009507-3(精装):CNY52.00 |
| ● |
| 相关链接 |
|
|
|
|
正题名:内陆水域污染生态学
索取号:X171.5/38
 
预约/预借
| 序号 | 登录号 | 条形码 | 馆藏地/架位号 | 状态 | 备注 |
| 1 | 0319896 | 203198967 | 第三借阅区/ [索取号:X171.5/38] | 在馆 | |
| 2 | 0319897 | 203198976 | 第二样本阅览室/ [索取号:X171.5/38] | 在馆 |